000 00587nam a2200181 i 4500
001 134436
003 ES-MaACL
005 20230906194655.0
007 t|
008 070910s1968 sp ||||1| spa d
100 1 _aWebb, C. R.
_9116236
245 1 0 _aControl automático /
_cC. R. Webb ; traducido por Basilio Giménez ; revisión técnica: Rafael Ausejo García.
260 _aBilbao :
_bUrmo,
_c[1968]
300 _a299 p., 2 gráf. pleg. :
_bil. ;
_c25 cm.
700 1 _aGiménez, Basilio.
_957021
700 1 _aAusejo García, R.
_923946
852 _aES-MaACL
_jC-37710
_bR.72357
999 _c134436
_d134436